00987nam a2200253 i 450000100060000000300090000600500170001500700030003200800410003502000180007610000270009424501320012125000120025326000320026530000220029749000820031950400320040165000340043370000380046783000670050585200220057299900170059495201220061151573ES-MaACL20250812225237.0t|030813s1979 sp ||||1| spa d a84-206-2097-11 aDalton, George.94253810aSistemas económicos y sociedad b: capitalismo, comunismo y el Tercer Mundo / cGeorge Dalton ; versión de Enrique Paredes. a2ª ed. aMadrid : bAlianza, c1979. a263 p. ; c20 cm.1 aAlianza universidad. Curso de economía moderna. Economía política ;v97 aBibliografía: p. 241-248. 4aEconomía comparada.91458471 aParedes Larrucea, Enrique.98904810aAlianza universidad. pCurso de economía modernav979182907 aES-MaACLjA-10211 c51573d51573 00104070aATENEOMbATENEOMcDEPO1d2008-01-17eSCl0oA-10211p1054238r2023-02-23 00:00:00w2023-02-23yMONOGRAFIA